No One Is Safe: The Information Battlefield of the 21st Century

Koncept tzv. falošných správ sa čoraz viac dostáva do povedomia verejnosti. Spôsobila to najmä ruská propaganda okolo Majdanu a následná vojna na Donbase. Stručný opis tohoto prípadu. Autocenzúra v čínskej popkultúre - model informačnej vojny.

Na minha lista:
Detalhes bibliográficos
Autor principal: Przybylski, Aleksy
Formato: Capítulo de Livro
Idioma:inglês
Assuntos:
Tags: Adicionar Tag
Sem tags, seja o primeiro a adicionar uma tag!

MARC

LEADER 00000naa a2200000 4500
001 0269306
005 20201119101644.9
041 0 |a eng 
044 |a PL 
245 1 0 |a No One Is Safe: The Information Battlefield of the 21st Century  |c Aleksy Przybylski 
520 |a Koncept tzv. falošných správ sa čoraz viac dostáva do povedomia verejnosti. Spôsobila to najmä ruská propaganda okolo Majdanu a následná vojna na Donbase. Stručný opis tohoto prípadu. Autocenzúra v čínskej popkultúre - model informačnej vojny. 
610 2 0 |a imigrácia 
610 2 0 |a vzťahy medzinárodné 
610 2 0 |a internet 
610 2 0 |a konflikty medzinárodné 
610 2 0 |a informácie 
100 1 |a Przybylski, Aleksy